000 00282nam a22001217a 4500
008 260327b ||||| |||| 00| 0 eng d
041 _aShqip
080 _a181.1
100 _a25
101 _aNgjarje
245 _aKush e Prish Paqen në Ballkan
_cSami Frashëri
942 _2udc
_cBK
999 _c60944
_d60944